| 000 | 00729nam a2200205 a 4500 | ||
|---|---|---|---|
| 001 | 000042070 | ||
| 005 | 20240228084930.0 | ||
| 008 | 131112s2013 dr 000 0 spa d | ||
| 020 | _a9789945404913 | ||
| 040 |
_aDO-SdBNP _bspa _cBNPHU |
||
| 082 |
_a917.293 _bL316r |
||
| 100 | 1 |
_aLappot Robles, Teófilo, _d1957- _974151 |
|
| 245 | 1 | 0 |
_aRecorriendo la línea noroeste / _cTeófilo Lappot Robles. |
| 260 |
_aSanto Domingo : _bOriente, _c2013. |
||
| 300 |
_a166 p. ; _c24 cm. |
||
| 500 | _aIncluye datos biografícos del autor en la solapa de la cubierta | ||
| 650 | 4 |
_aCiudades y pueblos _zRepública Dominicana _9784 |
|
| 651 | 4 |
_aRepública Dominicana _xDescripciones Y Viajes _91651 |
|
| 910 | _aValidado. Control de calidad MFF | ||
| 999 |
_c41559 _d41559 |
||